Alliance AAA Teams - Statistics

General Stats
  • This quiz has been taken 17 times
  • The average score is 9 of 11
Answer Stats
Answer % Correct
Kitchener Rangers
100%
Lambton Sting
100%
London Knights
100%
Windsor Spitfires
100%
Elgin Middlesex Canucks
82%
Sun County Panthers
82%
Waterloo Wolves
82%
Brantford 99ers
73%
Cambridge Redhawks
73%
Chatham Kent Cyclones
73%
Huron Perth Lakers
73%
No matching quizzes found
Score Distribution
Percent of People with Each Score
Percentile by Number Answered
Your Score History
You have not taken this quiz